Mapy Rosji za panowania jej władców - Statystyki

Ogólne statystyki
  • Ten quiz został rozwiązany 26 razy
  • Średni wynik to 7 z 8
Statystyki odpowiedzi
Obrazkowy Odpowiedź % Poprawnych
Katarzyna II Wielka
95%
Władimir Putin
90%
Józef Stalin
86%
Mikołaj II Romanow
86%
Piotr I Wielki
86%
Iwan IV Groźny +1
81%
Aleksander I Romanow
76%
Mikołaj I Romanow
76%
Nie znaleziono quizów pasujących do podanych kryteriów
Rozkład punktacji
Procent ludzi z każdym wynikiem
Percentyl według liczby udzielonych odpowiedzi
Twoja historia wyników
Nie rozwiązałeś tego quizu